00353nam a2200133 i 4500001000300000100002000003245008900023260002100112700001700133040000800150041000800158080001200166008004100178bg1 aO'REILLY, M. P. 0aCyclic loading of soils :bfrom theory to design /ced by M.P. O'Reilly, S.F. Brown. aNew York,c1991.1 aBROWN, S. F. cBPK apol a624.131 s pl f |000 0 pol